British sources of reference and information (Record no. 33353)

MARC details
000 -LEADER
campo de control de longitud fija 00533nam a2200157 i 4500
001 - NÚMERO DE CONTROL
campo de control 33353
003 - IDENTIFICADOR DE NÚMERO DE CONTROL
campo de control ES-MaACL
005 - FECHA Y HORA DE LA ÚLTIMA TRANSACCIÓN
campo de control 20230906154736.0
007 - CAMPO FIJO DE DESCRIPCIÓN FÍSICA--INFORMACIÓN GENERAL
campo de control de longitud fija t|
008 - DATOS DE LONGITUD FIJA--INFORMACIÓN GENERAL
campo de control de longitud fija 030202s1947 xxk ||||1| eng d
100 1# - ENTRADA PRINCIPAL--NOMBRE DE PERSONA
Nombre de persona Besterman, Theodore.
9 (RLIN) 28623
245 10 - MENCIÓN DEL TÍTULO
Título British sources of reference and information
Resto del título : a guide to societies /
Mención de responsabilidad, etc. compiled and edited by Theodore Besterman.
260 ## - PUBLICACIÓN, DISTRIBUCIÓN, ETC.
Lugar de publicación, distribución, etc. London :
Nombre del editor, distribuidor, etc. British Council by Aslib,
Fecha de publicación, distribución, etc. 1947 (
Lugar de fabricación/manufactura Oxford :
Fabricante Charles Batey)
300 ## - DESCRIPCIÓN FÍSICA
Extensión 56 p. ;
Dimensiones 22 cm.
852 ## - LOCALIZACIÓN
Ubicación ES-MaACL
Número de control de estantería D-5311
Sublocalización o colección R.30548
Holdings
Estatus retirado Estado de pérdida Estado de daño No para préstamo Biblioteca de origen Biblioteca actual Ubicación en estantería Fecha de adquisición Fuente de adquisición Total de préstamos Signatura topográfica completa Código de barras Visto por última vez Precio de reemplazo Tipo de ítem Koha
        Biblioteca del Ateneo de Madrid Biblioteca del Ateneo de Madrid Sala Valle Inclán 17/01/2008     D-5311 901034688 23/02/2023 23/02/2023 Libro impreso